MARC

LEADER 00000nam0a2200000 4500
001 131743
005 20231031134606.0
020 |a RU  |b 84-50253 
035 |a (RuTPU)RU\TPU\book\142673 
090 |a 131743 
100 |a 20080221d1983 m y0rusy5003 ca 
101 0 |a rus 
102 |a RU 
105 |a a j 000zy 
200 1 |a Прыжки в воду  |e учебник  |f Г. А. Буров, Л. З. Гороховский, С. П. Ефимова и др.  |g Под ред. Л. Н. Тишиной 
210 |a Москва  |c Физкультура и спорт  |d 1983 
215 |a 208 с.  |c ил. 
610 1 |a спорт 
610 1 |a прыжки в воду 
610 1 |a история 
610 1 |a теория 
610 1 |a методика 
610 1 |a характеристики 
610 1 |a фазы прыжков 
610 1 |a управление подготовкой 
610 1 |a спортсмены 
610 1 |a функциональные особенности 
610 1 |a обучение 
610 1 |a тренировки 
610 1 |a учебники 
675 |a 796  |z rus 
702 1 |a Буров  |b Г. А.  |g Герт Александрович 
702 1 |a Гороховский  |b Л. З.  |g Лазарь Захарович 
702 1 |a Ефимова  |b С. П.  |g Серафима Павловна 
702 1 |a Тишина  |b Л. Н.  |g Людмила Николаевна  |4 340 
801 0 |a RU  |b RuMRKP  |c 19950704  |g psbo 
801 1 |a RU  |b 63413507  |c 20080221  |g PSBO 
801 2 |a RU  |b 63413507  |c 20120827  |g PSBO 
942 |c BK